书目信息 |
| 题名: |
上皮细胞生物学初探
|
|
| 作者: | 陈小章 高杰英 | |
| 分册: | ||
| 出版信息: | 北京 军事医学科学出版社 2000 |
|
| 页数: | 436 | |
| 开本: | 26cm | |
| 丛书名: | ||
| 单 册: | ||
| 中图分类: | Q41 | |
| 科图分类: | ||
| 主题词: | 普通生理学 | |
| 电子资源: | ||
| ISBN: | 7-80121-289-4 | |
| 000 | 00561nam0 2200181 450 | |
| 001 | 0741144344 | |
| 005 | 20070817112544.34 | |
| 010 | @a7-80121-289-4@d¥58.00 | |
| 100 | @a20070817d km y0chiy0120 ea | |
| 101 | 0 | @achi |
| 200 | 1 | @a上皮细胞生物学初探@Ashang pi xi bao sheng wu xue chu tan@f陈小章 高杰英@Fchen xiao zhang gao jie ying |
| 210 | @a北京@c军事医学科学出版社@d2000 | |
| 215 | @a436@d26cm | |
| 606 | 0 | @a普通生理学 |
| 690 | @aQ41@v3 | |
| 701 | 0 | @a陈小章 高杰英@Achen xiao zhang gao jie ying |
| 801 | 0 | @aCN@bPFT@c20070817 |
| 905 | @a213230@dQ41@en1@f1 | |
| 上皮细胞生物学初探/陈小章 高杰英.-北京:军事医学科学出版社,2000 |
| 436;26cm |
| ISBN 7-80121-289-4:¥58.00 |
| ● |
| 相关链接 |
|
|
|
|
正题名:上皮细胞生物学初探
索取号:Q41/n1
 
预约/预借
| 序号 | 登录号 | 条形码 | 馆藏地/架位号 | 状态 | 备注 |
| 1 | 6600156 | 266001569 | 密集书库-生命科学系/ [索取号:Q41/n1] | 在馆 |